[Event "XV Festival Conca della Presolana A"]
[Site "Bratto - Castione della Presolana ITA"]
[Date "1995.08.??"]
[Round "4"]
[White "Soprano, Paolo"]
[Black "Magalotti, Andrea"]
[Result "1/2-1/2"]
[WhiteElo "2049"]
[BlackElo "2205"]
[PlyCount "101"]
[EventDate "1995.08.21"]

1.Nf3 c5 2.e4 Nc6 3.Nc3 g6 4.g3 Bg7 5.Bg2 e6 6.O-O Nge7 7.d3 O-O 8.Be3 Nd4
9.Qd2 Nec6 10.Nd1 d5 11.Nxd4 cxd4 12.Bg5 f6 13.exd5 Ne7 14.Bh6 Nxd5 15.
Bxg7 Kxg7 16.c4 dxc3 17.Nxc3 Qa5 18.Rfd1 Nxc3 19.Qxc3 Qxc3 20.bxc3 Rf7 21.
Rab1 Rb8 22.d4 Rc7 23.Rdc1 b6 24.f4 Ba6 25.Bf1 Bc4 26.Bxc4 Rxc4 27.Re1 Kf7
28.Re3 Rd8 29.Kf1 Ra4 30.Rb2 Rd6 31.Ke1 Ra3 32.Rbe2 Ra5 33.h4 h5 34.Kd1 
Rad5 35.Kc2 Rc6 36.Kb2 Rb5+ 37.Kc2 Rd5 38.Kb2 Rdd6 39.Kb3 b5 40.Kb4 Rd5 
41.Kb3 Ke7 42.Re1 Kd7 43.R1e2 Rdd6 44.Kb4 Rd5 45.Kb3 Ra6 46.Re4 Rc6 47.
R4e3 a6 48.a3 Rdd6 49.Re1 Rc4 50.R1e2 Rcc6 51.Re1 1/2-1/2

[Event "XV Festival Conca della Presolana A"]
[Site "Bratto - Castione della Presolana ITA"]
[Date "1995.08.??"]
[Round "4"]
[White "Wyss, Walter"]
[Black "De Barberis, Massimo"]
[Result "1/2-1/2"]
[WhiteElo "2240"]
[BlackElo "2140"]
[PlyCount "114"]
[EventDate "1995.08.21"]

1.e4 c5 2.c3 g6 3.d4 cxd4 4.cxd4 d5 5.Nc3 Nf6 6.e5 Ne4 7.Nxe4 dxe4 8.Bc4 
e6 9.Ne2 Nc6 10.O-O Bg7 11.Be3 O-O 12.Nc3 f5 13.exf6 Bxf6 14.Qg4 Nxd4 15.
Nxe4 Bg7 16.Rfd1 Qb6 17.Rd2 Kh8 18.Ng5 e5 19.Qh4 h5 20.Nf7+ Kh7 21.Nxe5 
Nf5 22.Bxb6 Nxh4 23.Bd4 Bh3 24.Bf1 Rad8 25.Re1 Rd5 26.Bc3 Rfd8 27.Rxd5 
Rxd5 28.Re3 Bf5 29.g3 Bxe5 30.Bxe5 Rxe5 31.gxh4 Rxe3 32.fxe3 Kg7 33.Kf2 
Kf6 34.Bg2 b6 35.e4 Be6 36.b3 Ke5 37.Ke3 Bd7 38.Bf1 Bc6 39.Bd3 Bb7 40.b4 
a5 41.bxa5 bxa5 42.a4 Bc6 43.Bc2 Be8 44.Kd3 Bd7 45.Kc4 Kd6 46.Kd4 Ke6 47.
e5 Be8 48.Bb3+ Ke7 49.Kc5 Bd7 50.Kb6 Bxa4 51.Bxa4 Ke6 52.Kxa5 Kxe5 53.Bc2 
Kf6 54.Kb6 g5 55.Kc5 gxh4 56.Kd4 Kg7 57.Ke5 Kh8 1/2-1/2

[Event "XV Festival Conca della Presolana A"]
[Site "Bratto - Castione della Presolana ITA"]
[Date "1995.08.??"]
[Round "5"]
[White "Barlocco, Carlo"]
[Black "Giretti Kanev, Jasen"]
[Result "1-0"]
[WhiteElo "2160"]
[BlackElo "2063"]
[PlyCount "105"]
[EventDate "1995.08.21"]

1.e4 e5 2.d4 exd4 3.f4 Nc6 4.Nf3 Bb4+ 5.Bd2 Qe7 6.Bd3 d5 7.O-O Nf6 8.exd5 
Nxd5 9.Re1 Ne3 10.Qc1 Bxd2 11.Qxd2 O-O 12.Nxd4 Nxd4 13.Qxe3 Qxe3+ 14.Rxe3 
Bf5 15.Nc3 Rfe8 16.Rae1 Rxe3 17.Rxe3 Nxc2 18.Bxc2 Bxc2 19.Re7 Rc8 20.g4 h5
21.h3 Kf8 22.Rd7 Ke8 23.Rd2 Bg6 24.f5 Bh7 25.f6 hxg4 26.hxg4 gxf6 27.Nd5 
Bb1 28.Nxf6+ Kf8 29.a3 Ba2 30.b3 Bxb3 31.Rb2 Be6 32.Rxb7 Ke7 33.g5 Kd6 34.
Kf2 Ke5 35.Ke3 a6 36.Ra7 Bc4 37.Nd7+ Kd6 38.Kd4 Bf1 39.Ne5 Ke6 40.Nc6 Kd6 
41.Ne5 Ke6 42.Nc6 Kd6 43.Ne5 Rg8 44.a4 Rb8 45.Nxf7+ Kc6 46.a5 Rb4+ 47.Ke5 
Kd7 48.g6 Bc4 49.Kf6 Bxf7 50.Kxf7 Rf4+ 51.Kg8 Rg4 52.g7 Rg5 53.Kf7 1-0

[Event "XV Festival Conca della Presolana A"]
[Site "Bratto - Castione della Presolana ITA"]
[Date "1995.08.??"]
[Round "5"]
[White "Bascetta, Biagio"]
[Black "Fuggetta, Leonardo"]
[Result "1/2-1/2"]
[WhiteElo "1908"]
[BlackElo "2115"]
[PlyCount "40"]
[EventDate "1995.08.21"]

1.e4 g6 2.d4 Bg7 3.Nf3 d6 4.Be2 Bg4 5.O-O Nd7 6.Nc3 c6 7.h3 Bxf3 8.Bxf3 
Ngf6 9.Be3 Qc7 10.Qe2 e5 11.g3 O-O 12.Bg2 Rfe8 13.dxe5 dxe5 14.Rfd1 Rad8 
15.Rd2 b6 16.Rad1 Nf8 17.Qc4 Ne6 18.Rxd8 Rxd8 19.Rxd8+ Nxd8 20.Qd3 Qd7 
1/2-1/2

[Event "XV Festival Conca della Presolana A"]
[Site "Bratto - Castione della Presolana ITA"]
[Date "1995.08.??"]
[Round "5"]
[White "Belotti, Bruno"]
[Black "Nurkic, Sahbaz"]
[Result "1-0"]
[WhiteElo "2380"]
[BlackElo "2420"]
[PlyCount "65"]
[EventDate "1995.08.21"]

1.e4 g6 2.d4 Bg7 3.c4 d6 4.Nc3 Nc6 5.d5 Nd4 6.Be3 c5 7.Nge2 Qb6 8.Nxd4 
cxd4 9.Na4 Qa5+ 10.Bd2 Qc7 11.c5 dxc5 12.Bb5+ Kf8 13.Rc1 b6 14.b4 Qe5 15.
O-O Qxe4 16.bxc5 Qxd5 17.Be2 Qd8 18.Bf3 Rb8 19.Bf4 e5 20.c6 Qc7 21.Bg3 Ba6
22.Qxd4 Bxf1 23.Qb4+ Qe7 24.Nc5 Rc8 25.Nd7+ Ke8 26.Qa4 Bd3 27.c7 b5 28.
Qxa7 Kxd7 29.Qb7 Qa3 30.Qxc8+ Kxc8 31.Bb7+ Kxb7 32.c8=Q+ Kb6 33.Qc7+ 1-0

[Event "XV Festival Conca della Presolana A"]
[Site "Bratto - Castione della Presolana ITA"]
[Date "1995.08.??"]
[Round "5"]
[White "Ciampi, Vincenzo"]
[Black "Piva, Giorgio"]
[Result "1/2-1/2"]
[WhiteElo "2160"]
[BlackElo "2190"]
[PlyCount "91"]
[EventDate "1995.08.21"]

1.e4 c5 2.Nf3 Nc6 3.d4 cxd4 4.Nxd4 g6 5.c4 Bg7 6.Be3 Nf6 7.Nc3 Ng4 8.Qxg4 
Nxd4 9.Qd1 e5 10.Bd3 O-O 11.O-O b6 12.Qd2 Bb7 13.Rad1 f5 14.f3 a6 15.Qf2 
Rc8 16.exf5 gxf5 17.Ne2 Qf6 18.b3 Rc6 19.Bb1 Rd6 20.Bxd4 exd4 21.Ng3 Qg5 
22.f4 Qg4 23.Bd3 Re6 24.Rfe1 Bc6 25.h3 Qg6 26.Kh2 Be4 27.Be2 Qe8 28.Nh5 
Bh8 29.Bf3 Bxf3 30.Qxf3 Re3 31.Rxe3 Qxe3 32.Qxe3 dxe3 33.Re1 Bd4 34.Ng3 
Kg7 35.Rd1 Bc5 36.Rxd7+ Kg6 37.Ne2 a5 38.a4 h5 39.Kg3 Rg8 40.Kf3 Kf6 41.g3
h4 42.gxh4 Rh8 43.Kg3 Rg8+ 44.Kf3 Rh8 45.Kg3 Rg8+ 46.Kf3 1/2-1/2

[Event "XV Festival Conca della Presolana A"]
[Site "Bratto - Castione della Presolana ITA"]
[Date "1995.08.??"]
[Round "5"]
[White "Contin, Daniel"]
[Black "Bellini, Fabio"]
[Result "1/2-1/2"]
[WhiteElo "2365"]
[BlackElo "2350"]
[PlyCount "34"]
[EventDate "1995.08.21"]

1.c4 Nf6 2.Nc3 e6 3.e4 d5 4.e5 d4 5.exf6 dxc3 6.bxc3 Qxf6 7.d4 e5 8.Nf3 
exd4 9.Bg5 Qe6+ 10.Be2 Be7 11.cxd4 Bxg5 12.Nxg5 Qg6 13.Qd2 O-O 14.O-O h6 
15.Nf3 Bh3 16.Nh4 Qf6 17.Nf3 Qg6 1/2-1/2

[Event "XV Festival Conca della Presolana A"]
[Site "Bratto - Castione della Presolana ITA"]
[Date "1995.08.??"]
[Round "5"]
[White "De Barberis, Massimo"]
[Black "Bozzali, Ermanno"]
[Result "1-0"]
[WhiteElo "2140"]
[BlackElo "1947"]
[PlyCount "69"]
[EventDate "1995.08.21"]

1.e4 c5 2.Nf3 d6 3.c3 Nf6 4.Bb5+ Bd7 5.Qe2 Bxb5 6.Qxb5+ Qd7 7.Qe2 e6 8.O-O
Nc6 9.d4 cxd4 10.cxd4 d5 11.e5 Ng8 12.Nc3 Bb4 13.Bd2 a6 14.a3 Ba5 15.b4 
Bb6 16.Qd3 Na7 17.Rab1 Nb5 18.Na4 Ba7 19.Nc5 Bxc5 20.bxc5 Ne7 21.Rb3 Nc6 
22.Rfb1 Rb8 23.a4 Nba7 24.Re1 h6 25.h4 Nc8 26.h5 N8e7 27.Nh4 Nf5 28.Nxf5 
exf5 29.e6 fxe6 30.Bf4 Ra8 31.Qxf5 Nxd4 32.Qg6+ Kd8 33.Rd3 Nf5 34.Rxe6 Nh4
35.Qg4 1-0

[Event "XV Festival Conca della Presolana A"]
[Site "Bratto - Castione della Presolana ITA"]
[Date "1995.08.??"]
[Round "5"]
[White "Ferretti, Folco"]
[Black "Battaggia, Piergiorgio"]
[Result "1/2-1/2"]
[WhiteElo "2270"]
[BlackElo "2000"]
[PlyCount "46"]
[EventDate "1995.08.21"]

1.e4 c5 2.c3 d5 3.exd5 Qxd5 4.d4 Nc6 5.Nf3 cxd4 6.cxd4 e5 7.Nc3 Bb4 8.Bd2 
Bxc3 9.Bxc3 e4 10.Ne5 Nxe5 11.dxe5 Ne7 12.Qc2 O-O 13.Rd1 Qxa2 14.Qxe4 Bf5 
15.Qc4 Qxc4 16.Bxc4 Rac8 17.Bb3 Rfd8 18.O-O Be6 19.Ba4 h5 20.Ba5 Rd5 21.
Rxd5 Nxd5 22.Bd1 Rc5 23.Bd2 g6 1/2-1/2

[Event "XV Festival Conca della Presolana A"]
[Site "Bratto - Castione della Presolana ITA"]
[Date "1995.08.??"]
[Round "5"]
[White "Gardi, Giuseppe"]
[Black "Campini, Marco"]
[Result "0-1"]
[WhiteElo "1902"]
[BlackElo "2066"]
[PlyCount "70"]
[EventDate "1995.08.21"]

1.d4 Nf6 2.e3 e6 3.Bd3 b6 4.f4 Bb7 5.Nf3 c5 6.c3 d5 7.Nbd2 Bd6 8.Ne5 Nbd7 
9.Qf3 Qe7 10.a4 a6 11.g4 g6 12.h4 O-O-O 13.Qe2 Nb8 14.Qg2 Ne8 15.g5 Ng7 
16.Ndf3 Nf5 17.Bd2 Nd7 18.Ke2 Rde8 19.b4 cxb4 20.cxb4 Nxe5 21.Nxe5 Kb8 22.
Bxf5 exf5 23.Kf3 Rc8 24.Qe2 h6 25.Kg3 hxg5 26.hxg5 Rxh1 27.Rxh1 Bxe5 28.
dxe5 d4 29.Rh7 Qd7 30.exd4 Qxd4 31.e6 Qg1+ 32.Kh3 fxe6 33.Qe5+ Ka7 34.
Rxb7+ Kxb7 35.a5 Rh8+ 0-1

[Event "XV Festival Conca della Presolana A"]
[Site "Bratto - Castione della Presolana ITA"]
[Date "1995.08.??"]
[Round "5"]
[White "Garofalo, Pietro"]
[Black "Eynard, Valdo"]
[Result "0-1"]
[WhiteElo "2130"]
[BlackElo "1909"]
[PlyCount "100"]
[EventDate "1995.08.21"]

1.d4 Nf6 2.c4 e6 3.Nc3 Bb4 4.Bg5 h6 5.Bh4 b6 6.f3 Bb7 7.e4 Bxc3+ 8.bxc3 
Nc6 9.Bd3 e5 10.Ne2 Qe7 11.f4 d6 12.fxe5 dxe5 13.d5 Na5 14.O-O g5 15.Bg3 
O-O-O 16.Rf5 Nd7 17.Qa4 f6 18.Nc1 Nc5 19.Qb4 Qd6 20.Bc2 Ba6 21.Nb3 Nxc4 
22.Nxc5 bxc5 23.Qa4 Ne3 24.Rf3 Nxc2 25.Qxc2 Kd7 26.Qa4+ Ke7 27.Bf2 Rb8 28.
Qa3 Rb5 29.c4 Rb4 30.Qa5 Rxc4 31.Ra3 Bc8 32.Rc3 Rxc3 33.Qxc3 Kf7 34.Bxc5 
Qa6 35.Be3 Qa4 36.Qxc7+ Kg6 37.Bxa7 Qxe4 38.Qc6 Rd8 39.Rf1 Bf5 40.Rd1 Rc8 
41.Qa6 Rc2 42.Bf2 Bg4 43.Re1 Qxd5 44.a4 Qd2 45.Qb6 Rc1 46.h3 Rxe1+ 47.Bxe1
Qxe1+ 48.Kh2 Bd7 49.a5 Qe4 50.Qd8 Bc6 0-1

[Event "XV Festival Conca della Presolana A"]
[Site "Bratto - Castione della Presolana ITA"]
[Date "1995.08.??"]
[Round "5"]
[White "Lupo, Alfredo"]
[Black "Soprano, Paolo"]
[Result "1/2-1/2"]
[WhiteElo "1997"]
[BlackElo "2049"]
[PlyCount "21"]
[EventDate "1995.08.21"]

1.e4 e6 2.d4 d5 3.exd5 exd5 4.c4 Nf6 5.Nc3 Be7 6.Nf3 O-O 7.h3 c6 8.Bd3 
dxc4 9.Bxc4 Nbd7 10.O-O Nb6 11.Bb3 1/2-1/2

[Event "XV Festival Conca della Presolana A"]
[Site "Bratto - Castione della Presolana ITA"]
[Date "1995.08.??"]
[Round "5"]
[White "Magalotti, Andrea"]
[Black "Everet, Alexandro"]
[Result "0-1"]
[WhiteElo "2205"]
[BlackElo "2095"]
[PlyCount "118"]
[EventDate "1995.08.21"]

1.e4 e6 2.d4 d5 3.Nd2 Nf6 4.e5 Nfd7 5.Bd3 c5 6.c3 Nc6 7.Ngf3 Qb6 8.O-O 
cxd4 9.cxd4 Nxd4 10.Nxd4 Qxd4 11.Nf3 Qb6 12.Qc2 h6 13.Be3 Bc5 14.Bxc5 Nxc5
15.Rfc1 Nxd3 16.Qxd3 O-O 17.Qd4 Qxd4 18.Nxd4 b6 19.Rc7 Ba6 20.Nc6 g6 21.
Rc1 Kg7 22.f4 Rfc8 23.Nxa7 Rxa7 24.Rxc8 Bxc8 25.Rxc8 Rxa2 26.Rc2 g5 27.
fxg5 hxg5 28.g4 Ra4 29.h3 Re4 30.Rc6 b5 31.Rb6 b4 32.Kf2 Kg6 33.Kf3 Kg7 
34.Kf2 Rf4+ 35.Kg3 Kf8 36.h4 Re4 37.h5 Kg7 38.Kf3 Rxe5 39.Rxb4 f5 40.gxf5 
Rxf5+ 41.Kg4 Kh6 42.Ra4 Rf1 43.Ra6 Rf4+ 44.Kg3 Re4 45.b4 Kxh5 46.b5 Re3+ 
47.Kf2 Rb3 48.Rxe6 Rxb5 49.Rd6 Kg4 50.Rd8 Kf4 51.Rf8+ Ke4 52.Re8+ Kd3 53.
Re5 Rb2+ 54.Kf3 d4 55.Rxg5 Rb8 56.Kf2 Kd2 57.Kf3 d3 58.Rg2+ Kc1 59.Rg7 Rc8
0-1

[Event "XV Festival Conca della Presolana A"]
[Site "Bratto - Castione della Presolana ITA"]
[Date "1995.08.??"]
[Round "5"]
[White "Marchini, Massimo"]
[Black "Righi, Ezio"]
[Result "1/2-1/2"]
[WhiteElo "2190"]
[BlackElo "2180"]
[PlyCount "50"]
[EventDate "1995.08.21"]

1.d4 Nf6 2.Nf3 b6 3.g3 Bb7 4.Bg2 e6 5.O-O Be7 6.c4 O-O 7.Nc3 Ne4 8.Qc2 
Nxc3 9.Qxc3 c5 10.Be3 d6 11.Rfd1 Bf6 12.Qc2 Qe7 13.Rd2 Nc6 14.Rad1 Rfd8 
15.b3 g6 16.h4 Bg7 17.Bg5 f6 18.Be3 e5 19.dxe5 dxe5 20.Rxd8+ Rxd8 21.Rxd8+
Nxd8 22.h5 f5 23.hxg6 hxg6 24.Qd2 Ne6 25.Nh4 Bxg2 1/2-1/2

[Event "XV Festival Conca della Presolana A"]
[Site "Bratto - Castione della Presolana ITA"]
[Date "1995.08.??"]
[Round "5"]
[White "Pagnoncelli, Marco"]
[Black "Mazzotti, Carlo"]
[Result "1/2-1/2"]
[WhiteElo "2165"]
[BlackElo "1904"]
[PlyCount "101"]
[EventDate "1995.08.21"]

1.e4 e6 2.d4 d5 3.exd5 exd5 4.Nf3 Bg4 5.h3 Bh5 6.c4 c6 7.Nc3 Bb4 8.a3 
Bxc3+ 9.bxc3 Nf6 10.Be2 O-O 11.O-O dxc4 12.Bxc4 Nbd7 13.g4 Bg6 14.Bg5 Qa5 
15.Qb3 h5 16.Bxf6 gxf6 17.Rfe1 Nb6 18.Re7 hxg4 19.hxg4 Rae8 20.Rae1 Rxe7 
21.Rxe7 Nxc4 22.Qxc4 Qxa3 23.Rxb7 Be4 24.Qe2 Qc1+ 25.Ne1 Bd5 26.Rxa7 Rb8 
27.Qe3 Qd1 28.Re7 Kg7 29.g5 Qg4+ 30.Qg3 Qxg3+ 31.fxg3 fxg5 32.Kf2 Kf6 33.
Re5 Rb3 34.Re3 Rb2+ 35.Re2 Rxe2+ 36.Kxe2 Kf5 37.Ke3 Kg4 38.Kf2 Be4 39.Ke3 
f5 40.Kf2 f4 41.gxf4 Kxf4 42.c4 Bg6 43.d5 c5 44.Ng2+ Ke4 45.Ne3 Kd4 46.d6 
Be8 47.Ng4 Kxc4 48.Nf6 Bc6 49.d7 Bxd7 50.Nxd7 Kb4 51.Nxc5 1/2-1/2

[Event "XV Festival Conca della Presolana A"]
[Site "Bratto - Castione della Presolana ITA"]
[Date "1995.08.??"]
[Round "5"]
[White "Rosino, Antonio"]
[Black "D'Apa, Stefano"]
[Result "1-0"]
[WhiteElo "2320"]
[BlackElo "2205"]
[PlyCount "105"]
[EventDate "1995.08.21"]

1.e4 e6 2.d4 d5 3.Nc3 Nf6 4.Bg5 Be7 5.e5 Ne4 6.Bxe7 Qxe7 7.Nxe4 dxe4 8.Qd2
Nd7 9.O-O-O b6 10.g3 Bb7 11.Bg2 c5 12.Nh3 O-O-O 13.Qc3 Kb8 14.Rhe1 cxd4 
15.Rxd4 Rc8 16.Rc4 Rxc4 17.Qxc4 Nxe5 18.Qd4 Nf3 19.Bxf3 exf3 20.Qxg7 Rc8 
21.Qd4 Ka8 22.Nf4 Qc7 23.c3 Rd8 24.Qe5 Qd7 25.Qd4 Qe8 26.Qf6 Qd7 27.Qd4 
Qxd4 28.cxd4 Rxd4 29.Re3 Re4 30.Kd2 Rd4+ 31.Rd3 Rxd3+ 32.Kxd3 e5 33.Nh5 f5
34.Nf6 e4+ 35.Kd4 h6 36.Ng8 Bc8 37.Nxh6 Kb7 38.g4 fxg4 39.Kxe4 Kc6 40.Kf4 
Be6 41.a3 Kb5 42.Nxg4 Ka4 43.h4 Bf7 44.Ne5 Bg8 45.Ke3 Kb3 46.Nd3 Bh7 47.
Kd2 a5 48.h5 Kc4 49.Ne5+ Kb3 50.Kc1 Be4 51.h6 b5 52.Nxf3 Bh7 53.Ng5 1-0

[Event "XV Festival Conca della Presolana A"]
[Site "Bratto - Castione della Presolana ITA"]
[Date "1995.08.??"]
[Round "5"]
[White "Wyss, Walter"]
[Black "Menoni, Vincenzo"]
[Result "0-1"]
[WhiteElo "2240"]
[BlackElo "2250"]
[PlyCount "84"]
[EventDate "1995.08.21"]

1.e4 e6 2.d3 d5 3.Nd2 c5 4.Ngf3 Nc6 5.g3 Bd6 6.Bg2 Nge7 7.O-O O-O 8.Re1 
Qc7 9.a4 d4 10.Nc4 e5 11.Ng5 f6 12.Nh3 Be6 13.f4 a6 14.f5 Bf7 15.Bf1 b5 
16.axb5 axb5 17.Rxa8 Rxa8 18.Na3 Qb6 19.Qg4 h5 20.Qh4 c4 21.g4 c3 22.gxh5 
cxb2 23.Bh6 gxh6 24.Qxf6 Qd8 25.Qxh6 Nxf5 26.exf5 Qf8 27.Qg5+ Qg7 28.Nb1 
Ra1 29.f6 Qxg5+ 30.Nxg5 Bxh5 31.Bh3 Bf7 32.Rf1 Nb4 33.Be6 Bxe6 34.Nxe6 Kf7
35.Nd8+ Kg6 36.f7 Nxc2 37.Ne6 Na3 38.f8=Q Bxf8 39.Nxf8+ Kg7 40.Ne6+ Kg8 
41.Nxa3 Rxa3 42.Nc5 Ra1 0-1

[Event "XV Festival Conca della Presolana A"]
[Site "Bratto - Castione della Presolana ITA"]
[Date "1995.08.??"]
[Round "6"]
[White "Barlocco, Carlo"]
[Black "Contin, Daniel"]
[Result "0-1"]
[WhiteElo "2160"]
[BlackElo "2365"]
[PlyCount "142"]
[EventDate "1995.08.21"]

1.e4 e6 2.d4 d5 3.Nc3 Bb4 4.exd5 exd5 5.Bd3 Nc6 6.a3 Be7 7.Bf4 Be6 8.Nf3 
Bf6 9.O-O Bg4 10.Qe1+ Nge7 11.Ne5 Bxe5 12.Bxe5 f6 13.Bg3 Qd7 14.f3 Bh5 15.
Qe3 a6 16.Rfe1 O-O 17.Qe6+ Qxe6 18.Rxe6 Bf7 19.Re2 Rfc8 20.Rae1 Kf8 21.b4 
Ng6 22.Rd2 Nge7 23.Rde2 Ng6 24.Rd2 Nge7 25.Ne2 g5 26.c3 Bg6 27.Nc1 h5 28.
h3 Kf7 29.Rde2 h4 30.Bh2 Nf5 31.a4 Nd6 32.Bxg6+ Kxg6 33.Nd3 b6 34.Re6 Nd8 
35.Re7 a5 36.b5 N8f7 37.Rd7 Nf5 38.Rxc7 Ng3 39.Ree7 Rxc7 40.Rxc7 Re8 41.
Bxg3 hxg3 42.Kf1 Nd6 43.Nc1 Nc4 44.Ne2 Nd2+ 45.Ke1 Nxf3+ 46.Kd1 Re3 47.
Nxg3 Nh4 48.Nf1 Re8 49.g3 Nf3 50.Kc2 Re1 51.Kd3 Rxf1 52.Ke2 Nh2 53.Rc6 Rf3
54.Rxb6 Rxc3 55.Ra6 Nf3 56.Rxa5 Nxd4+ 57.Kf2 Rf3+ 58.Kg2 Rb3 59.g4 Ne6 60.
Ra6 Nc5 61.Ra5 Rb4 62.b6 Nxa4 63.b7 Nc3 64.Rc5 d4 65.Rc4 Rxb7 66.Rxd4 Ne2 
67.Rd8 Nf4+ 68.Kf3 Rb3+ 69.Ke4 Nxh3 70.Rg8+ Kf7 71.Rh8 Nf2+ 0-1

[Event "XV Festival Conca della Presolana A"]
[Site "Bratto - Castione della Presolana ITA"]
[Date "1995.08.??"]
[Round "6"]
[White "Bozzali, Ermanno"]
[Black "Bascetta, Biagio"]
[Result "0-1"]
[WhiteElo "1947"]
[BlackElo "1908"]
[PlyCount "116"]
[EventDate "1995.08.21"]

1.e4 e6 2.d4 d5 3.Nc3 Bb4 4.e5 c5 5.a3 Bxc3+ 6.bxc3 Qa5 7.Bd2 Qa4 8.Rb1 c4
9.Nf3 Ne7 10.g3 O-O 11.Bg2 Nd7 12.O-O Nb6 13.h4 Qe8 14.h5 h6 15.Nh4 f5 16.
exf6 Rxf6 17.Bh3 Qf7 18.Kg2 Bd7 19.a4 Rf8 20.Qe2 Bxa4 21.Bc1 Bc6 22.Ba3 
Na4 23.Qe3 Re8 24.Bxe7 Qxe7 25.Ng6 Qf7 26.Ne5 Qc7 27.Ra1 a6 28.f4 Nb6 29.
Rfe1 Nd7 30.Nxc6 Qxc6 31.f5 e5 32.dxe5 Rxe5 33.Qd4 Rxe1 34.Rxe1 Nc5 35.Re5
Rd6 36.Re7 Rf6 37.Re5 Ne4 38.Bg4 Rd6 39.Bf3 Nf6 40.g4 Kh7 41.Re7 a5 42.Qa7
a4 43.Rxb7 Rd7 44.Rxd7 Qxd7 45.Qc5 Qb7 46.Qa3 Qa7 47.Kg3 Qe3 48.Kg2 Ne4 
49.Bxe4 Qxe4+ 50.Kg3 Qxc2 51.Kf4 Qe4+ 52.Kg3 Qe3+ 53.Kg2 d4 54.Qxa4 d3 55.
Qc6 d2 56.Qg6+ Kg8 57.f6 Qe2+ 58.Kg3 Qd3+ 0-1

[Event "XV Festival Conca della Presolana A"]
[Site "Bratto - Castione della Presolana ITA"]
[Date "1995.08.??"]
[Round "6"]
[White "D'Apa, Stefano"]
[Black "Battaggia, Piergiorgio"]
[Result "1-0"]
[WhiteElo "2205"]
[BlackElo "2000"]
[PlyCount "59"]
[EventDate "1995.08.21"]

1.d4 Nf6 2.Nf3 d5 3.Bf4 e6 4.e3 c5 5.c3 Qb6 6.Qb3 Nc6 7.Na3 Be7 8.Nb5 O-O 
9.dxc5 Qd8 10.Nd6 Bxd6 11.Bxd6 Re8 12.Nd4 Ne4 13.Nb5 Nxd6 14.Nxd6 Re7 15.
Bd3 Ne5 16.Bc2 Rc7 17.Qa3 Bd7 18.O-O Bc6 19.Rad1 b6 20.b4 Rd7 21.b5 bxc5 
22.Nxf7 Rxf7 23.bxc6 Nxc6 24.Qxc5 Rc8 25.e4 Ne5 26.Qe3 Qh4 27.exd5 Qh5 28.
Qe4 Rc4 29.Rd4 Ng4 30.h3 1-0

[Event "XV Festival Conca della Presolana A"]
[Site "Bratto - Castione della Presolana ITA"]
[Date "1995.08.??"]
[Round "6"]
[White "Eynard, Valdo"]
[Black "Gardi, Giuseppe"]
[Result "1/2-1/2"]
[WhiteElo "1909"]
[BlackElo "1902"]
[PlyCount "69"]
[EventDate "1995.08.21"]

1.e4 d5 2.exd5 Nf6 3.d4 Nxd5 4.Nf3 Bg4 5.Be2 Nc6 6.O-O e6 7.c3 Bd6 8.Ng5 
Bxe2 9.Qxe2 O-O 10.f4 Nxf4 11.Bxf4 Bxf4 12.Ne4 Bd6 13.Nbd2 e5 14.Nf3 exd4 
15.cxd4 Be7 16.Rad1 Nb4 17.Nc3 c6 18.Ne5 Qc7 19.Qh5 Bd6 20.Ne4 Bxe5 21.
dxe5 Nd5 22.Rf3 g6 23.Qg5 f6 24.exf6 Rf7 25.Rdf1 Re8 26.Qh4 Qb6+ 27.Kh1 
Qd4 28.Re1 Kf8 29.Qh6+ Kg8 30.Qh4 Kh8 31.Nd6 Rxe1+ 32.Qxe1 Rf8 33.Nf7+ Kg8
34.Nh6+ Kh8 35.Nf7+ 1/2-1/2

[Event "XV Festival Conca della Presolana A"]
[Site "Bratto - Castione della Presolana ITA"]
[Date "1995.08.??"]
[Round "6"]
[White "Ferretti, Folco"]
[Black "De Barberis, Massimo"]
[Result "1-0"]
[WhiteElo "2270"]
[BlackElo "2140"]
[PlyCount "57"]
[EventDate "1995.08.21"]

1.e4 c6 2.d4 g6 3.Nc3 d5 4.h3 Bg7 5.Nf3 dxe4 6.Nxe4 Nd7 7.Bc4 Ngf6 8.Nxf6+
Nxf6 9.O-O O-O 10.Ne5 Nd5 11.Re1 Be6 12.c3 Qd6 13.Qe2 Rad8 14.Bb3 b5 15.
Nd3 Rfe8 16.Nc5 Bc8 17.a4 b4 18.Qf3 bxc3 19.bxc3 h6 20.Ne4 Qe6 21.Ba3 Qf5 
22.Qg3 Qf4 23.Bxd5 Qxg3 24.Nxg3 Rxd5 25.Rxe7 Rxe7 26.Bxe7 Be6 27.Ne4 Rd7 
28.Bb4 Bxd4 29.cxd4 1-0

[Event "XV Festival Conca della Presolana A"]
[Site "Bratto - Castione della Presolana ITA"]
[Date "1995.08.??"]
[Round "6"]
[White "Fuggetta, Leonardo"]
[Black "Lupo, Alfredo"]
[Result "0-1"]
[WhiteElo "2115"]
[BlackElo "1997"]
[PlyCount "100"]
[EventDate "1995.08.21"]

1.c4 f5 2.g3 Nf6 3.Bg2 g6 4.d3 Bg7 5.Nc3 d6 6.e3 e5 7.Nge2 O-O 8.O-O Na6 
9.Rb1 Nc5 10.b4 Ne6 11.f4 Rb8 12.b5 Nc5 13.Nd5 e4 14.Nxf6+ Bxf6 15.d4 Nd3 
16.Ba3 Be6 17.Qc2 c6 18.bxc6 bxc6 19.Rxb8 Qxb8 20.Rb1 Qc7 21.Nc1 Qa5 22.
Nxd3 Qxa3 23.Nb4 Qxe3+ 24.Kh1 Qxd4 25.Nxc6 Qc5 26.Qa4 Bxc4 27.Rc1 d5 28.
Bf1 Qe3 29.Qd1 Bxa2 30.Nb4 Bd4 31.Bb5 Bb3 32.Qf1 Bb6 33.Bc6 Qd2 34.Nxd5 
Bxd5 35.Rd1 Qxd1 36.Qxd1 Bxc6 37.Qd6 Ba8 38.Qe6+ Kg7 39.Kg2 e3+ 40.Kh3 Bf3
41.Qe5+ Rf6 42.Qe7+ Rf7 43.Qe5+ Kh6 44.g4 Bxg4+ 45.Kg3 Bd1 46.Qd5 e2 47.
Qe6 Ba5 48.Qxf7 e1=Q+ 49.Kg2 Qe2+ 50.Kh3 Qf3+ 0-1

[Event "XV Festival Conca della Presolana A"]
[Site "Bratto - Castione della Presolana ITA"]
[Date "1995.08.??"]
[Round "6"]
[White "Giretti Kanev, Jasen"]
[Black "Everet, Alexandro"]
[Result "0-1"]
[WhiteElo "2063"]
[BlackElo "2095"]
[PlyCount "100"]
[EventDate "1995.08.21"]

1.Nf3 d5 2.d4 c5 3.e3 e6 4.Be2 Nf6 5.O-O Be7 6.Nbd2 O-O 7.Ne5 Nc6 8.Ndf3 
cxd4 9.exd4 Ne4 10.c3 Bf6 11.Bd3 Bxe5 12.dxe5 Qc7 13.Re1 f5 14.Qe2 Bd7 15.
Nd4 a6 16.Nxc6 Bxc6 17.f4 g5 18.Qh5 Be8 19.Qh6 Bg6 20.Bxe4 fxe4 21.Qxg5 
Qb6+ 22.Kh1 Qf2 23.Qg3 Qxg3 24.hxg3 Bf5 25.Kg1 Kf7 26.Be3 Rg8 27.Bf2 Rac8 
28.Kf1 Bg4 29.Rac1 b5 30.b3 Bf5 31.Ke2 h5 32.Rh1 Rc6 33.Kd2 Kg6 34.a3 a5 
35.Ra1 Rb8 36.Rhc1 Rb7 37.Be3 Rc8 38.Rab1 Rg8 39.a4 Kh6 40.axb5 Rxg3 41.
Re1 Rxg2+ 42.Re2 Rxe2+ 43.Kxe2 Rxb5 44.b4 h4 45.Rh1 h3 46.Bc5 Kh5 47.Be7 
Rb7 48.Bd6 axb4 49.cxb4 d4 50.Rd1 Bg4+ 0-1

[Event "XV Festival Conca della Presolana A"]
[Site "Bratto - Castione della Presolana ITA"]
[Date "1995.08.??"]
[Round "6"]
[White "Magalotti, Andrea"]
[Black "Pagnoncelli, Marco"]
[Result "0-1"]
[WhiteElo "2205"]
[BlackElo "2165"]
[PlyCount "62"]
[EventDate "1995.08.21"]

1.e4 c5 2.Nf3 d6 3.d4 cxd4 4.Nxd4 Nf6 5.Nc3 g6 6.Be3 Bg7 7.f3 O-O 8.Bc4 
Nc6 9.Qd2 Bd7 10.O-O-O Qa5 11.Bb3 Rfc8 12.h4 Ne5 13.g4 Rc4 14.Bxc4 Nxc4 
15.Qd3 b5 16.Nb3 Qa6 17.Bd4 e5 18.Bf2 Rc8 19.Kb1 b4 20.Nd5 Nxd5 21.exd5 e4
22.Qxe4 Bxb2 23.Bd4 Qa3 24.c3 bxc3 25.h5 Qb4 26.Kc2 Na3+ 27.Kd3 Qc4+ 28.
Ke3 Re8 29.hxg6 Rxe4+ 30.fxe4 fxg6 31.Rdg1 Nc2+ 0-1

[Event "XV Festival Conca della Presolana A"]
[Site "Bratto - Castione della Presolana ITA"]
[Date "1995.08.??"]
[Round "6"]
[White "Mazzotti, Carlo"]
[Black "Wyss, Walter"]
[Result "0-1"]
[WhiteElo "1904"]
[BlackElo "2240"]
[PlyCount "108"]
[EventDate "1995.08.21"]

1.e4 c5 2.Nc3 Nc6 3.f4 e6 4.Nf3 g6 5.Bc4 Bg7 6.f5 a6 7.fxe6 dxe6 8.a4 Nh6 
9.O-O O-O 10.d3 Ng4 11.Qe1 Nge5 12.Nxe5 Bxe5 13.Bh6 Bg7 14.Bxg7 Kxg7 15.
Qf2 Qd4 16.Qxd4+ Nxd4 17.Rf2 b6 18.Rb1 Bd7 19.b4 b5 20.Ba2 Rfc8 21.e5 cxb4
22.Rxb4 Nc6 23.Rbf4 Nxe5 24.Ne4 f5 25.Ng5 h6 26.Nxe6+ Bxe6 27.Bxe6 Re8 28.
Bb3 Ng4 29.Rxg4 Re1+ 30.Rf1 Rxf1+ 31.Kxf1 fxg4 32.axb5 axb5 33.Kf2 Kf6 34.
Ke3 Ke5 35.d4+ Kf6 36.Bd5 Rc8 37.Be4 h5 38.Bd3 Re8+ 39.Be4 g5 40.Kd3 Rc8 
41.Bb7 Rc7 42.Ba6 b4 43.Bc4 h4 44.Bd5 Rc3+ 45.Kd2 Kf5 46.Bb7 Kf4 47.Ba8 g3
48.h3 g4 49.hxg4 Kxg4 50.d5 Rc8 51.Bc6 Rd8 52.Ke2 h3 53.gxh3+ Kxh3 54.Kf1 
Kh2 0-1